000 00497nam a2200193 a 4500
001 1770282761347
003 YourLibrary
005 20260205144420.0
008 260205s2009##################000#0#eng##
020 _a9781890206039
082 0 4 _a306
_bSIV
100 1 _aChoudhury, Sarbari Roy,
_eauthor.
245 1 0 _aSensibility Objectified :
260 _bMapin Publishing Pvt,
_c2009.
300 _a140 pages
650 0 _aArt.
942 _cENGLISH
040 _aYourLibrary
_beng
_cYourLibrary
999 _c610270
_d610270